00510 2200205 4500001002100000005001500021035002000036007000300056008004100059020002200100082000800122084001400130100001400144245003300158250001100191260004800202300002800250650001000278990001600288INLIS00000000000058820210614092604 a0010-0421000041ta210614 g f ind  a978-602-064-782-1 a813 a813 TER s0 aTere Liye1 aSelamat Tinggal /cTere Liye aCet. 5 aJakarta :bPT Gramedia Pustaka Utama,c2021 a360 hlm ;c13,5 x 20 cm aNovel a00000009516